000 00408nam a2200181Ia 4500
001 19271
003 GE_BSU
008 181216s||||||||xx |||||||||||||| ||und||
040 _cGE_BSU
245 4 _aThe Economist.№8983. 2016
245 _b2ND-8TH
260 _aLondon
260 _c2016
300 _a80p ill, col,27cm.
653 _aThe Economist
653 _aპერიოდიკა
942 _cCR
999 _c52262
_d52262